000 01194cab a22002415a 4500
001 ##L135717
008 061128s2006 xxk f 000 0 eng d
035 _a(Sirsi) u135717
041 0 _aeng
100 1 _aAnderson, Richard N. H.
245 0 0 _aFor the greater good
_ba pre-adjudication protocol?
260 _c2006
490 0 _aConstruction Law Journal
_v22(7) 2006, 437-444(8)
520 _aConsiders whether or not the time has come for the introduction of a pre-adjudication protocol. Examines what adjudication was intended to be; what it has become; the nature of the underlying problem; and what adjudication should be; before finally considering how the process of adjudication might be improved. [Taken from journal abstract].
590 _aKA
650 2 4 _aAMEC CIVIL ENGINEERING LTD V SOS TRANSPORT
650 2 4 _aJOHN MOWLEM & COMPANY V HYDRA-TIGHT LTD
650 2 4 _aCIB PROPERTIES LTD V BIRSE CONSTRUCTION LTD
650 2 4 _aCASTLE INNS (STIRLING) LTD V CLARK CONTRACTS LTD
651 4 _aUnited Kingdom
_y
690 _aMANAGEMENT-DISPUTE AVOIDANCE, MANAGEMENT AND RESOLUTION-DISPUTE MANAGEMENT AND RESOLUTION-ALTERNATIVE DISPUTE RESOLUTION-ADJUDICATION
942 _n0
999 _c77978
_d77978